Electricity and magnetism: With electromagnetic theory and special theory of relativity (Record no. 33731)

MARC details
000 -LEADER
fixed length control field 00542nam a2200181Ia 4500
008 - FIXED-LENGTH DATA ELEMENTS--GENERAL INFORMATION
fixed length control field 230917s9999||||xx |||||||||||||| ||und||
020 ## - ISBN
Price RS785
040 ## - CATALOGING SOURCE
-- 259521
Original cataloging agency VIVEKANANDA LIBRARY
041 ## - Language
-- English
082 ## - DDC NUMBER
Classification number 537 C392E(12)
100 ## - MAIN ENTRY--PERSONAL NAME
Personal name Chattopadhyay, D
245 #0 - TITLE STATEMENT
Title Electricity and magnetism: With electromagnetic theory and special theory of relativity
250 ## - EDITION STATEMENT
Edition statement 12th ed.
260 ## - PUBLICATION, DISTRIBUTION, ETC. (IMPRINT)
Place of publication, distribution, etc Kolkata
Name of publisher, distributor, etc New Central Book Agency
Date of publication, distribution, etc 2019
300 ## - PHYSICAL DESCRIPTION
Pages xvi, 852 p.
500 ## - GENERAL NOTE
General note 3736 05/12/2019 IBS19/207 11/12/2019 Main Budget
942 ## - ADDED ENTRY ELEMENTS (KOHA)
Koha item type Books
Holdings
Withdrawn status Lost status Damaged status Not for loan Location (home branch) Sublocation or collection (holding branch) Date acquired Koha issues (times borrowed) Koha full call number Accession No. Koha date last seen Koha item type
        VIVEKANANDA LIBRARY VIVEKANANDA LIBRARY     537 C392E(12) 391184 17/09/2023 Books
        VIVEKANANDA LIBRARY VIVEKANANDA LIBRARY   1 537 C392E(12) 391185 03/11/2025 Books
        VIVEKANANDA LIBRARY VIVEKANANDA LIBRARY     537 C392E(12) 391186 17/09/2023 Books
© Designed and Maintained by Vivekananda Library, MDU Rohtak